|
|
|
|
| LEADER |
00000nas a2200000 a 4500 |
| 005 |
2011091603083.0 |
| 008 |
100806s19uu9990bl 000 0 por d |
| 022 |
|
|
|a 1982-8721
|
| 035 |
|
|
|a 4976
|
| 040 |
|
|
|a BUS
|d vLex
|
| 090 |
|
|
|c 2485
|d 2485
|
| 245 |
0 |
0 |
|a Revista Acadm̌ica Direitos Fundamentais
|h [Recurso electrn̤ico]
|
| 256 |
|
|
|a Servicio en ln̕ea
|
| 260 |
|
|
|a [s.l.] :
|b Unifieo,
|c 2007 -
|
| 300 |
|
|
|a 1 recurso electrn̤ico
|
| 310 |
|
|
|a Anual
|
| 362 |
|
|
|a Nm︢. 1 (2007) -
|
| 506 |
1 |
|
|a Contenido solo disponible en los productos indicados
|d vLex Global
|d vLex Global (Academic Edition, excluding Law Schools)
|d vLex Global (U.S. Academic Edition, Law Schools)
|d vLex Global (U.S. Academic Edition, excluding Law Schools)
|d vLex Global (Academic Edition, Law Schools)
|
| 650 |
0 |
4 |
|a Derecho
|z Brasil
|x Publicaciones perid̤icas
|
| 740 |
0 |
|
|a vLex Revistas (Servicio en ln̕ea)
|
| 856 |
4 |
0 |
|u http://vlex.com/source/revista-academica-direitos-fundamentais-4976
|z Acceso restringido
|
| 942 |
|
|
|c REV
|